| 000 | 00336nam a22001457a 4500 | ||
|---|---|---|---|
| 003 | SGT | ||
| 020 | _a9789356063570 | ||
| 082 | _a005,RUS | ||
| 100 | _aRUSSELL, STUART | ||
| 245 | _aARTIFICIAL INTELLIGENCE A MODERN APPROACH | ||
| 260 |
_aINDIA _bPEARSON _c2023 |
||
| 300 | _a1288 | ||
| 650 | _aCOMPUTER SCIENCE | ||
| 942 |
_2ddc _cBK _06 |
||
| 999 |
_c24971 _d24971 |
||